LEADER 01340nam 2200349Ia 450 001 996386211503316 005 20221108103037.0 035 $a(CKB)4940000000077569 035 $a(EEBO)2248562570 035 $a(OCoLC)12531911 035 $a(EXLCZ)994940000000077569 100 $a19850910d1642 uy | 101 0 $aeng 135 $aurbn||||a|bb| 200 10$aBishop Wrens petition to the Parliament in defence of episcopacie in the behalf of himself and the rest of the bishops$b[electronic resource] $ewherein he endeavours to ebreviate and lessen the libertie of the subject : being his sole resolution to extenmate the priviledge of Parliament : as also how his most expeciall intents 210 $aLondon $cPrinted for Thomas Bates$d1642 215 $a[6] p 300 $aIllustrated t.p. 300 $aReproduction of original in Thomason Collection, British Library. 330 $aeebo-0158 606 $aEpiscopacy$xHistory 615 0$aEpiscopacy$xHistory. 700 $aWren$b Matthew$f1585-1667.$01005766 801 0$bEAA 801 1$bEAA 801 2$bm/c 801 2$bUMI 801 2$bWaOLN 906 $aBOOK 912 $a996386211503316 996 $aBishop Wrens petition to the Parliament in defence of episcopacie in the behalf of himself and the rest of the bishops$92410944 997 $aUNISA